000 00963nam a2200217 i 4500
001 125021
003 ES-MaACL
005 20250810063036.0
007 t|
008 070426s1933 sp ||||1| spa d
100 1 _aJordana de Pozas, Luis,
_d1890-1983
_966931
245 1 4 _aLas mutualidades patronales contra el riesgo de accidentes de trabajo en la agricultura /
_cpor Luis Jordana de Pozas.
250 _a2ª ed.
260 _aMadrid :
_b[s.n.],
_c1933 (
_fImprenta y Encuadernación de los Sobrinos de la Sucesora de M. Minuesa de los Ríos)
300 _a21 p. ;
_c22 cm.
490 1 _aPublicaciones del Instituto Nacional de Previsión ;
_v355
500 _aConferencia pronunciada en la Asamblea de la Federación Madrileña de Sindicatos Agrícolas Católicos el día 6 de noviembre de 1931.
830 0 _aPublicaciones del Instituto Nacional de Previsión ;
_v355
_9181151
852 _aES-MaACL
_jC-12641(3)
999 _c125021
_d125021